LEADER 00995nam 2200313 i 4500 001 991004420929407536 005 20260304120118.0 008 260304s2012 pau e b 001 0 eng d 020 $a9781416051985 040 $aBibl. Dip.le Aggr. Matematica e Fisica - Sez. Fisica$beng 082 04$a616.0757 084 $aLC R895 084 $a53.9.78 084 $a53.9.786 084 $a53.9.788 100 1 $aCherry, Simon R.$0503843 245 10$aPhysics in nuclear medicine /$cSimon R. Cherry, James A. Sorenson, Michael E. Phelps 250 $a4th ed. 260 $aPhiladelphia :$bElsevier Saunders,$c2012 300 $axvii, 523 p. :$bill. ;$c27 cm 504 $aIncludes bibliographical references and index 650 4$aNuclear medicine$xInstruments 650 4$aMedical physics 650 4$aIonizing radiation 700 1 $aPhelps, Michael E. 700 1 $aSorenson, James A. 912 $a991004420929407536 996 $aPhysics in nuclear medicine$94548583 997 $aUNISALENTO